00371nam a22001337a 450000500170000000800410001704100120005808200120007010000120008224500420009426000450013630000310018165000250021220240808061414.0240808b |||||||| |||| 00| 0 eng d aEnglish a349 SOU lEnglish aSouth African Law Reports: Transvaal  aCape Town:bJuta and Company Ltd, c1920 bxii, 121 pages; c25 cm.  aLegal practice bLaw